Drapeaux des pays de l'ex-URSS - Mort subite - Statistiques

Statistiques générales
  • Ce quiz a été pris 116 fois
    23 depuis la dernière actualisation
  • Le résultat moyen est 9 sur 15
Answers on the Grid
Answers color-coded by a green-red scale on the quiz's grid according to % correct below.
 
Statistiques - réponses
Réponse % Correct
83%
75%
67%
58%
58%
58%
58%
58%
50%
50%
50%
50%
50%
50%
42%
Aucun quiz correspondant
Distribution des résultats
% des personnes avec chaque résultat
Percentile par nombre de réponses
Votre historique - résultats
Vous n’avez pas pris ce quiz depuis la dernière actualisation